[Event "GpA"]
[Site "Cap D'Agde FRA"]
[Date "2003.10.24"]
[Round "1"]
[White "Gelfand,B"]
[Black "Bacrot,E"]
[Result "1/2-1/2"]
[WhiteElo "2703"]
[BlackElo "2664"]
[EventDate "2003.10.24"]

1. d4 d5 2. c4 c6 3. Nc3 Nf6 4. Nf3 a6 5. c5 Nbd7 6. Bf4 Nh5 7. e3 g6 8. h4
Nxf4 9. exf4 Bg7 10. h5 b6 11. cxb6 Qxb6 12. Qd2 Rb8 13. b3 c5 14. Nxd5
Qe6+ 15. Ne3 cxd4 16. Nxd4 Qe4 17. Rd1 Rb6 18. hxg6 hxg6 19. Rxh8+ Bxh8 20.
Qc2 Qxc2 21. Ndxc2 Bc3+ 22. Ke2 Nf6 23. Rd3 Ba5 24. Nc4 Re6+ 25. Kd1 Bc7
26. Nd4 Re4 27. f3 Rxf4 28. g3 Rxd4 29. Rxd4 Bxg3 30. Nd2 Bf2 31. Ra4 Nd5
32. Ne4 Bb6 33. Bxa6 Bd7 34. Ra3 f5 35. Nd2 Bc5 36. Ra5 Nc3+ 37. Kc2 Bb4
38. Re5 Bd6 39. Re1 Nxa2 40. Bc4 Nb4+ 41. Kc3 Nc6 42. Bb5 g5 43. Ba4 Kd8
44. Rg1 Bf4 45. Nc4 Kc7 46. b4 Nd4 47. Kxd4 Bxa4 48. Ne5 Kd6 49. Nf7+ Kc6
50. Nxg5 e5+ 51. Kc3 Be3 52. Rg2 Kb6 53. Ne6 Bc6 54. Rg6 Ka7 55. Rf6 f4 56.
Ng5 Bb5 57. Rf5 Bd4+ 58. Kd2 Bc6 59. Ne6 Be3+ 60. Ke2 Bb5+ 61. Ke1 Bc6 62.
Ng5 Bd4 63. Ne6 Bc3+ 64. Kf2 Kb6 65. Ng5 Bd7 66. Rf7 Bc6 67. Re7 Bd5 68.
Nf7 Bxb4 69. Rxe5 1/2-1/2

[Event "GpA"]
[Site "Cap D'Agde FRA"]
[Date "2003.10.24"]
[Round "2"]
[White "Azmaiparashvili,Z"]
[Black "Kramnik,V"]
[Result "1/2-1/2"]
[WhiteElo "2693"]
[BlackElo "2777"]
[EventDate "2003.10.24"]

1. d4 Nf6 2. c4 e6 3. Nf3 b6 4. a3 Bb7 5. Nc3 d5 6. cxd5 Nxd5 7. Qa4+ Nd7
8. Nxd5 Bxd5 9. Bg5 Be7 10. Bxe7 Qxe7 11. Rc1 O-O 12. Rxc7 Nc5 13. Rxe7
Nxa4 14. Kd2 Rfc8 15. Ng5 Bb3 16. g3 Rc2+ 17. Ke3 Bd5 18. f3 Nxb2 19. Bh3
h6 20. Nxf7 Nc4+ 21. Kf2 Rf8 22. Nxh6+ gxh6 23. Bxe6+ Bxe6 24. Rxe6 Rd8 25.
Rg6+ Kh7 26. Rc6 Nxa3 27. Rxc2 Nxc2 28. Rc1 Nxd4 29. Rc7+ Kg8 30. Rxa7 Rb8
31. Ke3 Ne6 32. Ke4 b5 33. Kd5 Rb6 34. Ra3 Kf7 35. f4 b4 36. Rb3 Rb8 37.
Kc4 Rc8+ 38. Kxb4 Nd4 39. Rd3 Nxe2 40. Rd7+ Kg6 41. Rd6+ Kh5 42. g4+ Kxg4
43. Rxh6 Nxf4 44. Rh7 Rc2 45. Rg7+ Kf5 46. Rh7 Kg6 47. Rh8 Nh5 48. Rg8+ Kf7
49. Rd8 Rxh2 50. Rd1 Nf4 51. Rf1 Rh4 52. Kc5 Kf6 53. Kd4 Kf5 54. Ke3 Ke5
55. Kf3 Nd5 56. Re1+ Kf5 57. Rf1 Rh3+ 58. Kg2+ Kg4 59. Rf8 Ne3+ 60. Kf2 Nf5
61. Ke2 Kf4 62. Kd2 Ke4 63. Re8+ Kd5 64. Rd8+ Nd6 65. Ke2 Ke5 66. Rd7 Nf5
67. Rd8 Ra3 68. Re8+ Kf4 69. Rf8 Re3+ 70. Kd2 Re5 71. Kd3 1/2-1/2

[Event "GpA"]
[Site "Cap D'Agde FRA"]
[Date "2003.10.24"]
[Round "2"]
[White "Bacrot,E"]
[Black "Ponomariov,R"]
[Result "1/2-1/2"]
[WhiteElo "2664"]
[BlackElo "2718"]
[EventDate "2003.10.24"]

1. d4 Nf6 2. c4 e6 3. Nc3 Bb4 4. Nf3 c5 5. g3 Bxc3+ 6. bxc3 Qa5 7. Bd2 b6
8. Bg2 Bb7 9. O-O O-O 10. d5 Qa6 11. Re1 Ne4 12. Qc2 f5 13. Ng5 exd5 14.
cxd5 Bxd5 15. Nxe4 Bxe4 16. Bxe4 fxe4 17. Qxe4 Nc6 18. Qd5+ Rf7 19. Bf4 Re8
20. e4 Na5 21. Rad1 Qc4 22. Qxc4 Nxc4 23. Rd5 h6 24. h4 Re6 25. f3 Kf8 26.
Kf2 Ke8 27. Red1 a5 28. Ke2 Kd8 29. Rb1 a4 30. h5 Na3 31. Rb2 Nc4 32. Rb1
Na3 33. Rb2 Nc4 1/2-1/2

[Event "GpA"]
[Site "Cap D'Agde FRA"]
[Date "2003.10.25"]
[Round "4"]
[White "Azmaiparashvili,Z"]
[Black "Ponomariov,R"]
[Result "1/2-1/2"]
[WhiteElo "2693"]
[BlackElo "2718"]
[EventDate "2003.10.24"]

1. d4 Nf6 2. c4 e6 3. Nf3 b6 4. a3 Bb7 5. Nc3 d5 6. cxd5 Nxd5 7. Qa4+ Nd7
8. Nxd5 Bxd5 9. Qc2 c5 10. e4 Bb7 11. Bf4 cxd4 12. Rd1 Qc8 13. Qb1 Be7 14.
Rc1 Nc5 15. b4 Bxe4 16. Qb2 O-O 17. bxc5 Bxc5 18. Nd2 Bd5 19. f3 e5 20. Bg3
Qe6 21. Bc4 Bxc4 22. Rxc4 f5 23. Qb3 e4 24. Ra4 Qxb3 25. Nxb3 f4 26. Bh4
Rae8 27. O-O e3 28. Rxd4 Bxd4 29. Nxd4 h6 30. Rb1 g5 31. Be1 Rc8 32. Kf1
Rfd8 33. Ne2 Rd3 34. a4 Ra3 35. a5 bxa5 36. g3 fxg3 37. hxg3 a4 38. Nd4 Rd3
39. Nf5 Rc2 40. Rb7 Rb3 41. Rxa7 Rc1 42. Ra8+ Kh7 43. Rxa4 Rbb1 44. Nxe3
Rxe1+ 45. Kf2 Rh1 46. Ra7+ Kg6 47. Ra6+ Kf7 48. f4 gxf4 49. Ra7+ Ke6 50.
Ra6+ Kd7 51. gxf4 Rb2+ 52. Kg3 Rb3 53. Ra7+ Kd6 54. Ra6+ Kc5 55. Re6 Kd4
56. Kg2 Rh5 57. Nc2+ Kc5 58. Ne3 Kd4 59. Nc2+ Kd5 60. Re2 Rhh3 61. Re5+ Kd6
62. Nd4 Rbg3+ 63. Kf2 Rg4 64. Nf5+ Kd7 65. Re7+ Kd8 66. Re4 h5 67. Nh6 Rg7
68. Nf5 Ra7 69. Nd4 Ra2+ 70. Ne2 h4 71. f5 Rh2+ 72. Kf3 h3 73. Nf4 Ra3+ 74.
Kg4 Rh1 75. f6 Rg1+ 76. Kf5 Ra5+ 77. Ke6 Ra6+ 78. Kf5 Rxf6+ 79. Kxf6 h2 80.
Ne6+ Kd7 81. Rd4+ Kc6 82. Rc4+ 1/2-1/2

[Event "GpA"]
[Site "Cap D'Agde FRA"]
[Date "2003.10.26"]
[Round "5"]
[White "Bacrot,E"]
[Black "Bareev,E"]
[Result "1-0"]
[WhiteElo "2664"]
[BlackElo "2739"]
[EventDate "2003.10.24"]

1. d4 d5 2. c4 c6 3. Nc3 Nf6 4. Nf3 dxc4 5. a4 Bf5 6. e3 e6 7. Bxc4 Bb4 8.
O-O Nbd7 9. Qe2 Bg6 10. e4 O-O 11. Bd3 h6 12. Bf4 Rc8 13. h3 a6 14. Rfd1
Re8 15. Rac1 Qa5 16. Nd2 b5 17. Nb3 Qb6 18. axb5 cxb5 19. e5 Nd5 20. Nxd5
exd5 21. Rxc8 Rxc8 22. e6 Nf6 23. exf7+ Bxf7 24. Be5 Qe6 25. Qe3 Nd7 26.
Rc1 Rxc1+ 27. Nxc1 Bc5 28. dxc5 Qxe5 29. b4 Qxe3 30. fxe3 Kf8 31. Bf5 Nb8
32. Nb3 g6 33. Bc8 Ke7 34. Na5 Kd8 35. Bb7 Kd7 36. Kf2 Ke6 37. Nc6 Nxc6 38.
Bxc6 Ke5 39. Bb7 Be8 40. Ke2 g5 41. Bxa6 Bc6 42. Kd3 h5 43. Bc8 h4 44. Bg4
Be8 45. Bc8 Bg6+ 46. Ke2 Bh5+ 47. Kf2 Be8 48. Bb7 Bg6 49. Bc6 Bd3 50. Bd7
Kf6 51. Bg4 Ke5 52. Be2 Bc4 53. Ke1 Ke6 54. Kd2 Ke5 55. Bf3 Bf1 56. c6 Kd6
57. Bxd5 1-0

[Event "GpA"]
[Site "Cap D'Agde FRA"]
[Date "2003.10.26"]
[Round "6"]
[White "Gelfand,B"]
[Black "Ponomariov,R"]
[Result "0-1"]
[WhiteElo "2703"]
[BlackElo "2718"]
[EventDate "2003.10.24"]

1. d4 Nf6 2. c4 e6 3. Nf3 d5 4. Nc3 Be7 5. Bg5 h6 6. Bh4 O-O 7. e3 b6 8.
Bd3 dxc4 9. Bxc4 Bb7 10. O-O Nbd7 11. Bg3 c5 12. Qe2 a6 13. a4 cxd4 14.
Nxd4 Bb4 15. Na2 Bc5 16. Rfd1 Qe7 17. Nc3 Rfd8 18. Rac1 Nf8 19. Nb3 Bd6 20.
Bxd6 Rxd6 21. Rxd6 Qxd6 22. Rd1 Qc7 23. Nd4 Ng6 24. Bb3 Ne5 25. h3 Qc5 26.
Rc1 Qb4 27. Na2 Qe7 28. Nc3 Rc8 29. Rd1 Qb4 30. Na2 Qe7 31. Nc3 Rc5 32. Bc2
Qc7 33. Bd3 Nxd3 34. Qxd3 Qe5 35. Nde2 Rc8 36. Qd6 Qg5 37. Ng3 Bc6 38. Qd4
Qc5 39. Nge2 Qxd4 40. Rxd4 Kf8 41. f3 Ke7 42. Kf2 Nd7 43. e4 Ne5 44. Ke3
Bd7 45. b3 Nc6 46. Rc4 Kd6 47. f4 f6 48. b4 Na7 49. Rxc8 Bxc8 50. Nd4 Bd7
51. Kd3 Nc6 52. Nxc6 Bxc6 53. Kc4 e5 54. f5 Be8 55. g4 Bf7+ 56. Kd3 Bb3 57.
h4 Kc6 58. Ne2 Bxa4 59. Ng3 Bd1 60. Nh5 Bxg4 61. Nxg7 Kd7 62. Ne6 Bh5 63.
Nf8+ Kd6 64. Ne6 Bf7 65. Nf8 Ke7 66. Ng6+ Bxg6 67. fxg6 h5 68. Kc4 Kf8 69.
Kd5 Kg7 70. Kc6 a5 0-1

[Event "GpB"]
[Site "Cap D'Agde FRA"]
[Date "2003.10.24"]
[Round "2"]
[White "Svidler,P"]
[Black "Polgar,Ju"]
[Result "1-0"]
[WhiteElo "2723"]
[BlackElo "2722"]
[EventDate "2003.10.24"]

1. e4 c5 2. Nf3 d6 3. d4 cxd4 4. Nxd4 Nf6 5. Nc3 a6 6. f3 e5 7. Nb3 Be6 8.
Be3 Nbd7 9. g4 Nb6 10. g5 Nh5 11. Qd2 Be7 12. O-O-O Rc8 13. Rg1 O-O 14. Kb1
g6 15. Qf2 Nc4 16. Bc1 Na3+ 17. Ka1 b5 18. Bd3 Qc7 19. Rg2 a5 20. Nd5 Bxd5
21. exd5 Nc4 22. Rg4 a4 23. Nd2 Qb6 24. Qxb6 Nxb6 25. Bxb5 Nxd5 26. Ne4
Ndf4 27. Bxa4 d5 28. Ng3 Rfd8 29. Nxh5 gxh5 30. Rgg1 Ng6 31. Bb3 d4 32. Kb1
Kg7 33. Rge1 Bd6 34. Re4 h4 35. h3 Rf8 36. c3 Bc5 37. cxd4 exd4 38. Bd2
Rce8 39. Rde1 Rxe4 40. Rxe4 f5 41. gxf6+ Rxf6 42. f4 Ne7 43. a4 Rg6 44. Re5
Bd6 45. Rg5 Rxg5 46. fxg5 Nc6 47. Bd5 Nb4 48. Be4 Be7 49. a5 Bc5 50. b3 Bd6
51. Kb2 Bc5 52. Ka3 Nd5+ 53. b4 Ne3 54. bxc5 Nc4+ 55. Kb4 Nxd2 56. Bg2 1-0

[Event "GpB"]
[Site "Cap D'Agde FRA"]
[Date "2003.10.24"]
[Round "2"]
[White "Grischuk,A"]
[Black "Lautier,J"]
[Result "1-0"]
[WhiteElo "2732"]
[BlackElo "2666"]
[EventDate "2003.10.24"]

1. e4 e5 2. Nf3 Nf6 3. Nxe5 d6 4. Nf3 Nxe4 5. d4 d5 6. Bd3 Bd6 7. O-O O-O
8. Re1 Bf5 9. c4 c6 10. cxd5 cxd5 11. Nc3 Bb4 12. Nxe4 Bxe1 13. Neg5 Bxf2+
14. Kxf2 Qf6 15. Qc2 Rc8 16. Qb1 Bg6 17. Bxg6 fxg6 18. Kg1 Nc6 19. Qd3 h6
20. Nh3 Nb4 21. Qb3 Rc4 22. Be3 Nc2 23. Rf1 Qb6 24. Nf4 Qxb3 25. axb3 Nxe3
26. bxc4 Nxf1 27. Nxd5 Nxh2 28. Kxh2 g5 29. Kg3 Rf8 30. c5 Kf7 31. Ne5+ Ke6
32. Nc7+ Kf5 33. Nc4 Ke4 34. Nd6+ Ke3 35. Ne6 Rf1 36. Nxb7 1-0

[Event "GpB"]
[Site "Cap D'Agde FRA"]
[Date "2003.10.25"]
[Round "3"]
[White "Shirov,A"]
[Black "Grischuk,A"]
[Result "1/2-1/2"]
[WhiteElo "2737"]
[BlackElo "2732"]
[EventDate "2003.10.24"]

1. e4 c5 2. Nf3 Nc6 3. d4 cxd4 4. Nxd4 Nf6 5. Nc3 e5 6. Ndb5 d6 7. Bg5 a6
8. Na3 b5 9. Bxf6 gxf6 10. Nd5 f5 11. Bd3 Be6 12. O-O Bxd5 13. exd5 Ne7 14.
Qh5 e4 15. Be2 Bg7 16. c3 O-O 17. Nc2 Rc8 18. Rad1 Rc5 19. Ne3 f4 20. Nf5
Ng6 21. Rfe1 Re8 22. f3 e3 23. Bd3 Re5 24. Be4 Ne7 25. Qg5 Qf8 26. Qxf4
Nxf5 27. Bxf5 Rc4 28. Rd4 Qe8 29. Be4 Qe7 30. Rxc4 bxc4 31. g4 Qh4 32. Qxe3
Bh6 33. Qf2 Qf6 34. Kh1 Bf4 35. Rg1 Kg7 36. Rg2 h6 37. Kg1 Re8 38. Kf1 a5
39. Qe2 Qh4 40. Qf2 Qf6 41. h4 Qe5 42. Qe2 Qe7 43. Qf2 Qe5 44. Kg1 Rb8 45.
Qe1 Re8 46. Kh1 Qxd5 47. Bxd5 1/2-1/2

[Event "GpB"]
[Site "Cap D'Agde FRA"]
[Date "2003.10.25"]
[Round "3"]
[White "Lautier,J"]
[Black "Svidler,P"]
[Result "1/2-1/2"]
[WhiteElo "2666"]
[BlackElo "2723"]
[EventDate "2003.10.24"]

1. d4 Nf6 2. c4 g6 3. Nc3 d5 4. cxd5 Nxd5 5. e4 Nxc3 6. bxc3 Bg7 7. Nf3 c5
8. Rb1 O-O 9. Be2 b6 10. O-O Bb7 11. Qd3 Ba6 12. Qc2 cxd4 13. Bxa6 Nxa6 14.
cxd4 Qd7 15. Bg5 Rac8 16. Qe2 Nc7 17. Rfd1 Ne6 18. Be3 Qa4 19. d5 Rc2 20.
Rd2 Rxd2 21. Qxd2 Nc5 22. Rb4 Qa6 23. Qc2 e6 24. d6 Qd3 25. Qxd3 Nxd3 26.
Ra4 a5 27. Ra3 Nb2 28. e5 Nc4 29. Rc3 Nxd6 30. Bxb6 Rb8 31. Rc6 Nc4 32.
Rxc4 1/2-1/2

[Event "GpB"]
[Site "Cap D'Agde FRA"]
[Date "2003.10.25"]
[Round "5"]
[White "Polgar,Ju"]
[Black "Shirov,A"]
[Result "1/2-1/2"]
[WhiteElo "2722"]
[BlackElo "2737"]
[EventDate "2003.10.24"]

1. e4 e5 2. Nf3 Nc6 3. Bb5 a6 4. Ba4 Nf6 5. O-O Be7 6. Re1 b5 7. Bb3 O-O 8.
c3 d5 9. exd5 Nxd5 10. Nxe5 Nxe5 11. Rxe5 c6 12. Bxd5 cxd5 13. d4 Bd6 14.
Re3 Qh4 15. h3 Qf4 16. Re5 Qf6 17. Re1 Qg6 18. Qf3 Be6 19. Be3 Qc2 20. Qe2
Qg6 21. Qf3 Qc2 22. Qe2 Qg6 23. Qf3 1/2-1/2

[Event "GpB"]
[Site "Cap D'Agde FRA"]
[Date "2003.10.26"]
[Round "7"]
[White "Polgar,Ju"]
[Black "Grischuk,A"]
[Result "1/2-1/2"]
[WhiteElo "2722"]
[BlackElo "2732"]
[EventDate "2003.10.24"]

1. e4 e5 2. Nf3 Nc6 3. Bb5 a6 4. Ba4 Nf6 5. O-O Be7 6. Re1 b5 7. Bb3 O-O 8.
c3 d5 9. exd5 Nxd5 10. Nxe5 Nxe5 11. Rxe5 c6 12. d3 Bd6 13. Re1 Qh4 14. g3
Qh3 15. Re4 Qd7 16. Nd2 Bb7 1/2-1/2

[Event "GpB"]
[Site "Cap D'Agde FRA"]
[Date "2003.10.26"]
[Round "7"]
[White "Lautier,J"]
[Black "Leko,P"]
[Result "0-1"]
[WhiteElo "2666"]
[BlackElo "2722"]
[EventDate "2003.10.24"]

1. e4 e5 2. Nf3 Nc6 3. d4 exd4 4. Nxd4 Nf6 5. Nxc6 bxc6 6. e5 Qe7 7. Qe2
Nd5 8. c4 Nb6 9. Nc3 Qe6 10. Qe4 g6 11. Bf4 Bb4 12. Bd2 O-O 13. O-O-O Rb8
14. h4 Ba6 15. c5 Bxc3 16. Bxc3 Nd5 17. Bd4 Bxf1 18. Rhxf1 Rb4 19. f4 f5
20. Qe2 h5 21. Rf3 Rfb8 22. g3 a5 23. Ra3 R8b5 24. Qc2 Kf7 25. Kb1 Qe8 26.
Ka1 Ke6 27. Rd2 Qa8 28. Rd1 Rb8 29. Qe2 a4 30. Qd3 Qb7 31. Qe2 Ra8 32. Rd2
Rb8 33. Rd1 Qb5 34. Qxb5 R8xb5 35. Kb1 Rc4 36. Rd2 Rbb4 37. Rad3 Ke7 38.
Rd1 Rb8 39. Ra3 Ke6 40. Rd2 Ne7 41. Rad3 Rb5 42. Rd1 Nd5 43. R1d2 Nb4 44.
Rf3 Na6 45. Rfd3 Nxc5 46. Bxc5 Rbxc5 47. b3 axb3 48. axb3 Rc3 49. Rxd7
Rxb3+ 50. Ka2 Rb8 51. R7d3 Rcb5 52. Rc2 c5 53. Ra3 R8b6 54. Ra8 Kd5 55. Ra4
Rb4 56. Ra5 R6b5 57. Ra7 c4 58. Ka1 Rb6 59. Rxc7 Ra4+ 60. Ra2 Rxa2+ 61.
Kxa2 Kd4 62. Rd7+ Kc3 63. Rd6 Rb2+ 64. Ka3 Rb8 65. Ka2 Kc2 66. Ka3 c3 67.
e6 Ra8+ 68. Kb4 Kb2 69. e7 c2 70. Rd2 Re8 0-1